| 000 | 00748nac a2200229 a 4500 | ||
|---|---|---|---|
| 003 | CO-PeBPM | ||
| 005 | 20250402123100.0 | ||
| 008 | 231129s1984||||ck ||||||||||||| ||spa|| | ||
| 020 | _a8475308368 | ||
| 040 |
_aCO-PeBPM _bspa _cCO-PeBPM _erda |
||
| 041 | _aspa | ||
| 082 | 0 | 4 |
_a149.94 F858es _222 |
| 100 | 1 | 0 |
_aFrege, Gottlob _eautor |
| 245 | 0 |
_aEstudios sobre semántica _c/ Gottlob Frege; traducción Ulises Moulines |
|
| 260 |
_aBarcelona _b: Ediciones Orbis _c, c1984 |
||
| 300 |
_a194 páginas _c19,5 centímetros |
||
| 490 |
_aHistoria del pensamiento _v54 |
||
| 500 | _aIncluye índice al final del texto | ||
| 650 | 1 | 4 |
_aSemántica _2LEMB |
| 700 |
_aMoulines, Ulises _eTraducción |
||
| 942 |
_2ddc _cBK |
||
| 999 |
_c13678 _d13678 |
||